000 00631nas a2200229 4500
001 BR9213124
003 BR-BrBNA
005 20231205095217.0
007 ta
008 230509b bl.|||p| |||| 00| 00por d
040 _aBR-BrBNA
_bpor
_cBiblioteca Nacional de Agricultura
041 _a(Pt)
072 _aN10
100 1 _aAggeler, K.E.
245 1 _aCerca eletrica: parte 1
650 _aInstalacao para Animal
650 _aCerca Eletrica
650 _aPratico
773 0 _tProdutor de Leite (Brazil)
_x
_g(Jul-Aug 1990), v. 20(121) p. 24
_wBR9213124
909 _a202311
_bLúcia
_c55
_dLúcia Elande
942 _2AGRIS
_n0
_cANA
999 _c149330
_d149330